Pravoslávny teologický zborník

Podrobná bibliografia
Ďalší autori: Pružinský, Štefan, 1935- (Zostavovateľ, kompilátor), Husár, Ján (Zostavovateľ, kompilátor, Editor), Kormaník, Peter, 1945- (Editor)
Médium: Seriál
Jazyk:slovenčina
čeština
ruština
poľština
ukrajinčina
angličtina
Fyzický popis:zv. 21 cm
Vydavateľské údaje: Prešov Prešovská univerzita, Pravoslávna bohoslovecká fakulta 1992-
ISBN:8070973307 (zv. XVIII/03/1995)
808068233X (brož. : zv. XXVI/11/ 2003)
8080682836 (brož. : zv. XXVII/12/2004)
8080683581 (brož. : zv. XXVIII/13/2005)
8080683999 (brož. : zv. XXIX/14/2005)
808068541X (brož. : zv. XXX/15/2006)
8080685428 (brož. : zv. XXXI/16/2006)
9788080686888 (brož. : zv. XXXII/17/2007)
9788080688318 (brož. : zv. XXXIII/18/2008)
9788080689988 (brož. : zv. XXXIV/19/2009)
9788080689995 (brož. : zv. XXXV/20/2009)
9788055502021 (brož. : zv. XXXVI/21/2010)
9788055504179 (brož. : zv. XXXVII/22/2011)
9788055505787 (brož. : zv. XXXVIII/23/2012)
9788055508054 (brož. : zv. XXXIX/24/2013)
808068166X (brož. : zv. XXV/10/2002)
8088885728 (zv. XXII/07/1999)
8088722500 (zv. XXI/06/1998)
8088885116 (zv. IX/04/1996)
808888540X (zv. XX/05/1997)
9788055510767 (brož. : zv. XL/25/2014)
9788055513379 (brož. : zv. XLI/26/2015)
9788055516028 (brož. : zv. XLII/27/2016)
9788055518213 (brož. : zv. XLIII/28/2017)
9788055520261 (brož. : zv. XLIV/29/2018)
9788055522289 (brož. : zv. XLV/30/2019)
9788055525419 (brož. : zv. XLVI/31/2020)
9788055527505 (brož. : zv. XLVII/32/2021)
9788055529387 (brož. : zv. XLVIII/33/2022)
9788055531298 (brož. : zv. XLIX/34/2023)
9788055533285 (brož. : zv. L/35/2024)
9788055535166 (brož. : zv. LI/36/2025)
Predmet:

MARC

LEADER 00000cas a2200000 a 4500
001 vtls001472901
003 SK-MaSNL
005 20260228161334.0
008 040413c19929999xo ar 0 0b0slo
015 |a SNBA1997/0802123 (zv. XVIII/03/1995)  |a SNBA1998/03-00857 (zv. IX/04/1996)  |a SNBA1999/05-01851 (zv. XX/05/1997)  |a SNBA2001/07-02330 (zv. XXI/06/1998)  |a SNBA2001/07-02331 (zv. XXII/07/1999)  |a SNBB2005/04-00917 (zv. XXV/10/2002)  |a SNBB2005/04-00918 (zv. XXVI/11/ 2003)  |a SNBB2005/04-00919 (zv. XXVII/12/2004)  |a SNBB2006/03-00885 (zv. XXVIII/13/2005)  |a SNBB2006/03-00886 (zv. XXIX/14/2005)  |a SNBB2007/03-00817 (zv. XXX/15/2006)  |a SNBB2007/03-00818 (zv. XXXI/16/2006)  |a SNBB2008/03-01193 (zv. XXXII/17/2007)  |a SNBB2009/03-01044 (zv. XXXIII/18/2008)  |a SNBB2010/02-00898 (zv. XXXIV/19/2009)  |a SNBB2010/02-00899 (zv. XXXV/20/2009)  |a SNBB2011/01-00324 (zv. XXXVI/21/2010)  |a SNBB2012/04-01218 (zv. XXXVII/22/2011)  |a SNBB2012/04-01219 (zv. XXXVIII/23/2012)  |a SNBB2013-(zv. XXXIX/24/2013)  |a SNBB2015-(zv. XL/25/2014, zv. XLI/26/2015)  |a SNBB2016-(zv. XLII/27/2016)  |a SNBB2017-(zv. XLIII/28/2017)  |a SNBB2018-(zv. XLIV/29/2018)  |a SNBB2018-(zv. XLV/30/2019)  |a SNBB2021-(zv. XLVI/31/2020, zv. XLVII/32/2021)  |a SNBB2023-(zv. XLVIII/33/2022)  |a SNBB2024-(zv. XLIX/34/2023)  |a SNBB2025-(zv. L/35/2024, zv. LI/36/2025) 
020 |a 8070973307 (zv. XVIII/03/1995) 
020 |a 808068233X (brož. : zv. XXVI/11/ 2003) 
020 |a 8080682836 (brož. : zv. XXVII/12/2004)  |z 808068233X 
020 |a 8080683581 (brož. : zv. XXVIII/13/2005) 
020 |a 8080683999 (brož. : zv. XXIX/14/2005) 
020 |a 808068541X (brož. : zv. XXX/15/2006) 
020 |a 8080685428 (brož. : zv. XXXI/16/2006) 
020 |a 9788080686888 (brož. : zv. XXXII/17/2007) 
020 |a 9788080688318 (brož. : zv. XXXIII/18/2008) 
020 |a 9788080689988 (brož. : zv. XXXIV/19/2009) 
020 |a 9788080689995 (brož. : zv. XXXV/20/2009) 
020 |a 9788055502021 (brož. : zv. XXXVI/21/2010)  |z 9788080688318 
020 |a 9788055504179 (brož. : zv. XXXVII/22/2011) 
020 |a 9788055505787 (brož. : zv. XXXVIII/23/2012) 
020 |a 9788055508054 (brož. : zv. XXXIX/24/2013) 
020 |a 808068166X (brož. : zv. XXV/10/2002) 
020 |a 8088885728 (zv. XXII/07/1999) 
020 |a 8088722500 (zv. XXI/06/1998) 
020 |a 8088885116 (zv. IX/04/1996) 
020 |a 808888540X (zv. XX/05/1997) 
020 |a 9788055510767 (brož. : zv. XL/25/2014) 
020 |a 9788055513379 (brož. : zv. XLI/26/2015) 
020 |a 9788055516028 (brož. : zv. XLII/27/2016) 
020 |a 9788055518213 (brož. : zv. XLIII/28/2017) 
020 |a 9788055520261 (brož. : zv. XLIV/29/2018) 
020 |a 9788055522289 (brož. : zv. XLV/30/2019) 
020 |a 9788055525419 (brož. : zv. XLVI/31/2020) 
020 |a 9788055527505 (brož. : zv. XLVII/32/2021) 
020 |a 9788055529387 (brož. : zv. XLVIII/33/2022) 
020 |a 9788055531298 (brož. : zv. XLIX/34/2023) 
020 |a 9788055533285 (brož. : zv. L/35/2024) 
020 |a 9788055535166 (brož. : zv. LI/36/2025) 
035 |a SNK000428203 
040 |a SNK  |b slo  |c SNK  |e AACR2 
041 0 |a slo  |a cze  |a rus  |a pol  |a ukr  |a eng 
044 |a xo  |c SK 
072 7 |a 271/279  |x Kresťanské cirkvi, sekty, denominácie  |2 konspekt 
080 |a (082)  |2 2011 
080 |a 271.2  |2 2011 
080 |a 271.2-7  |2 2011 
080 |a 271.2-1  |2 2011 
245 0 0 |a Pravoslávny teologický zborník 
246 1 1 |a Acta Facultatis Orthodoxae Universitatis Presoviensis 
246 3 3 |a Acta Facultatis Orthodoxae Universitatis Prešoviensis 
246 1 7 |a PTZ 
246 1 8 |a Jubilejný zborník k 70. výročiu založenia PBF  |f 2020 
260 |a Prešov  |b Prešovská univerzita, Pravoslávna bohoslovecká fakulta  |c 1992- 
300 |a zv.  |c 21 cm 
310 |a 1x ročne 
362 0 |a 16 = 1 (1992)- 
500 |a Popis podľa: XXV/10 (2002) 
500 |a Zostavil: 2003-2006, Štefan Pružinský; 2007, Ján Husár 
500 |a Editor: 2008-2010, Peter Kormaník ; 2011-2025, Ján Husár 
500 |a Roč. XLVI (31) 2020 Jubilejný zborník k 70-tému výročiu založenia Pravoslávnej bohosloveckej fakulty 
500 |a Roč. LI (36) 2025 Jubilejný zborník k 75-tému výročiu založenia Pravoslávnej bohosloveckej fakulty 1950-2025 
504 |a Bibliogr. odkazy ; pozn. 
546 |a Čiast. text aj čes., rus., pol., ukrajinský, angl. 
650 0 7 |a pravoslávie  |2 SNKPH  |9 4092 
650 0 7 |a pravoslávne cirkvi  |2 SNKPH  |9 84045 
650 0 7 |a pravoslávna teológia  |2 SNKPH  |9 75572 
650 0 7 |a Orthodoxy  |2 SNKPHeng  |9 266035 
650 0 7 |a Orthodox theology  |2 SNKPHeng  |9 266034 
650 0 7 |a Orthodox Eastern churches  |2 SNKPHeng  |9 266203 
655 7 |a zborníky  |2 SNKPH  |9 70165 
655 7 |a Papers of several authors  |2 SNKPHeng  |9 153738 
700 1 |a Pružinský, Štefan,  |d 1935-  |4 com  |9 198279 
700 1 |a Husár, Ján  |4 com  |4 edt  |9 5979 
700 1 |a Kormaník, Peter,  |d 1945-  |4 edt  |9 124944 
910 |a snk 
916 |a 1994-2019,2020,2021 
919 |a 80-8068-166-X 
919 |a 80-8068-233-X 
919 |a 80-8068-283-6 
919 |a 80-8068-358-1 
919 |a 80-8068-399-9 
919 |a 80-8068-541-X 
919 |a 80-8068-542-8 
919 |a 978-80-8068-688-8 
919 |a 978-80-8068-831-8 
919 |a 978-80-8068-998-8 
919 |a 978-80-8068-999-5 
919 |a 978-80-555-0202-1 
919 |a 978-80-555-0417-9 
919 |a 978-80-555-0578-7 
919 |a 978-80-555-0805-4 
919 |a 80-88885-72-8 
919 |a 80-88722-50-0 
919 |a 80-88885-11-6 
919 |a 80-7097-330-7 
919 |a 80-88885-40-X 
919 |a 978-80-555-1076-7 
919 |a 978-80-555-1337-9 
919 |a 978-80-555-1602-8 
919 |a 978-80-555-1821-3 
919 |a 978-80-555-2026-1 
919 |a 978-80-555-2228-9 
919 |a 978-80-555-2541-9 
919 |a 978-80-555-2750-5 
919 |a 978-80-555-2938-7 
919 |a 978-80-555-3129-8 
919 |a 978-80-555-3328-5 
919 |a 978-80-555-3516-6 
958 |a NB 
958 |a NT 
999 |c 5039  |d 6969 
952 |0 0  |1 0  |4 0  |7 0  |a SNK  |b SNK  |d 1997-03-17  |i snk155/970122  |l 0  |o snkC 76  |r 2005-01-02 00:00:00  |w 2026-02-21  |y NEVYP 
952 |0 0  |1 0  |4 0  |7 0  |8 0  |a SNK  |b SNK  |d 1997-03-17  |f 1  |i snkKSP 2931/97  |l 0  |o snkČSB 4493/18/1995  |p 17A0079530  |r 2005-01-02 00:00:00  |w 2026-02-21  |y PREZ 
952 |0 0  |1 0  |4 0  |7 0  |8 0  |a SNK  |b SNK  |d 1997-03-17  |i snkKSP 2932/97  |l 0  |o snkČSB 4493/18/1995/3 D1  |p 17A0055342  |r 2005-01-02 00:00:00  |w 2026-02-21  |y PREZ 
952 |0 0  |1 0  |4 0  |7 0  |8 0  |a SNK  |b SNK  |d 2021-07-09  |f 1  |i snk2021/8489  |l 0  |o snkČSB 4493/46/2020/31  |p 17A1433701  |r 2026-02-21 19:29:41  |w 2026-02-21  |y PREZ  |z Jubilejný zborník k 70-tému výročiu založenia Pravoslávnej bohosloveckej fakulty 
952 |0 0  |1 0  |4 0  |7 0  |8 0  |a SNK  |b SNK  |d 2021-07-09  |i snk2021/8492  |l 0  |o snkČSB 4493/46/2020/31 D1  |p 17A1433702  |r 2026-02-21 19:29:41  |w 2026-02-21  |y PREZ  |z Jubilejný zborník k 70-tému výročiu založenia Pravoslávnej bohosloveckej fakulty 
952 |0 0  |1 0  |4 0  |7 0  |8 0  |a SNK  |b SNK  |d 2010-03-31  |f 1  |i snk2010/6601  |l 0  |o snkČSB 4493/34/2009/19  |p 17A0635630  |r 2026-02-21 19:32:06  |w 2026-02-21  |y PREZ 
952 |0 0  |1 0  |4 0  |7 0  |8 0  |a SNK  |b SNK  |d 2010-03-31  |i snk2010/6602  |l 0  |o snkČSB 4493/34/2009/19 D1  |p 17A0635631  |r 2026-02-21 19:32:06  |w 2026-02-21  |y PREZ 
952 |0 0  |1 0  |4 0  |7 0  |8 0  |a SNK  |b SNK  |d 2010-03-31  |f 1  |i snk2010/6603  |l 0  |o snkČSB 4493/35/2009/20  |p 17A0635632  |r 2026-02-21 19:32:06  |w 2026-02-21  |y PREZ 
952 |0 0  |1 0  |4 0  |7 0  |8 0  |a SNK  |b SNK  |d 2010-03-31  |i snk2010/6604  |l 0  |o snkČSB 4493/35/2009/20 D1  |p 17A0635633  |r 2026-02-21 19:32:06  |w 2026-02-21  |y PREZ 
952 |0 0  |1 0  |4 0  |7 0  |a SNK  |b SNK  |d 2004-04-13  |i snkPV 368/2004  |l 0  |o snkČSB 4493/25/2002/10 D1  |p 17A0416199  |r 2005-01-02 00:00:00  |w 2026-02-21  |y PREZ 
952 |0 0  |1 0  |4 0  |7 0  |a SNK  |b SNK  |d 2004-08-20  |i snkPV 1120/2004  |l 0  |o snkČSB 4493/26/2003/11 D1  |p 17A0431461  |r 2005-01-02 00:00:00  |w 2026-02-21  |y PREZ 
952 |0 0  |1 0  |4 0  |7 0  |8 0  |a SNK  |b SNK  |d 2013-12-19  |f 1  |i snk2013/31103  |l 0  |o snkČSB 4493/39/2013/24  |p 17A0859047  |r 2026-02-21 19:43:34  |w 2026-02-21  |y PREZ 
952 |0 0  |1 0  |4 0  |7 0  |8 0  |a SNK  |b SNK  |d 2013-12-19  |i snk2013/31105  |l 0  |o snkČSB 4493/39/2013/24 D1  |p 17A0859048  |r 2026-02-21 19:43:34  |w 2026-02-21  |y PREZ 
952 |0 0  |1 0  |4 0  |7 0  |8 0  |a SNK  |b SNK  |d 2024-02-02  |i snk2024/1898  |l 0  |o snkČSB 4493/49/2023/34  |p 17A1522264  |r 2026-02-21 19:52:54  |w 2026-02-21  |y PREZ 
952 |0 0  |1 0  |4 0  |7 0  |8 0  |a SNK  |b SNK  |d 2024-02-02  |i snk2024/1899  |l 0  |o snkČSB 4493/49/2023/34 D1  |p 17A1522265  |r 2026-02-21 19:52:54  |w 2026-02-21  |y PREZ 
952 |0 0  |1 0  |4 0  |7 0  |8 0  |a SNK  |b SNK  |d 2010-10-04  |f 1  |i snk2010/21277  |l 0  |o snkČSB 4493/36/2010/21  |p 17A0661825  |r 2026-02-21 19:55:33  |w 2026-02-21  |y PREZ 
952 |0 0  |1 0  |4 0  |7 0  |8 0  |a SNK  |b SNK  |d 2025-07-08  |i snk2025/10782  |l 0  |o snkČSB 4493/50/2024/35  |p 17A1556154  |r 2026-02-21 20:01:22  |w 2026-02-21  |y PREZ 
952 |0 0  |1 0  |4 0  |7 0  |8 0  |a SNK  |b SNK  |d 2010-10-04  |i snk2010/21279  |l 0  |o snkČSB 4493/36/2010/21 D1  |p 17A0661826  |r 2026-02-21 20:08:53  |w 2026-02-21  |y PREZ 
952 |0 0  |1 0  |4 0  |7 0  |8 0  |a SNK  |b SNK  |d 2005-04-06  |i snk2005/5399  |l 0  |o snkČSB 4493/27/2004/12 D1  |p 17A0446385  |r 2026-02-21 20:15:27  |w 2026-02-21  |y PREZ 
952 |0 0  |1 0  |4 0  |7 0  |a SNK  |b SNK  |d 2004-04-13  |f 1  |i snkPV 367/2004  |l 0  |o snkČSB 4493/25/2002/10  |p 17A0416198  |r 2005-01-02 00:00:00  |w 2026-02-21  |y PREZ 
952 |0 0  |1 0  |4 0  |7 0  |8 0  |a SNK  |b SNK  |d 2006-01-20  |i snk2006/1329  |l 0  |o snkČSB 4493/29/2005/14 D1  |p 17A0488486  |r 2026-02-21 20:15:42  |w 2026-02-21  |y PREZ 
952 |0 0  |1 0  |4 0  |7 0  |a SNK  |b SNK  |d 2003-02-10  |i snkKSP 1879/2003  |l 0  |o snkČSB 4493/24/2001/9 D1  |p 17A0374552  |r 2005-01-02 00:00:00  |w 2026-02-21  |y PREZ 
952 |0 0  |1 0  |4 0  |7 0  |a SNK  |b SNK  |d 1999-03-10  |i snk442/990329  |l 0  |o snkC 233  |r 2005-01-02 00:00:00  |w 2026-02-21  |y NEVYP 
952 |0 0  |1 0  |4 0  |7 0  |a SNK  |b SNK  |d 2004-08-20  |f 1  |i snkPV 1119/2004  |l 0  |o snkČSB 4493/26/2003/11  |p 17A0431460  |r 2005-01-02 00:00:00  |w 2026-02-21  |y PREZ 
952 |0 0  |1 0  |4 0  |7 0  |8 0  |a SNK  |b SNK  |d 2023-02-07  |i snk2023/2281  |l 0  |o snkČSB 4493/48/2022/33  |p 17A1460503  |r 2026-02-21 20:17:53  |w 2026-02-21  |y PREZ 
952 |0 0  |1 0  |4 0  |7 0  |8 0  |a SNK  |b SNK  |d 2023-02-07  |i snk2023/2283  |l 0  |o snkČSB 4493/48/2022/33 D1  |p 17A1460504  |r 2026-02-21 20:17:53  |w 2026-02-21  |y PREZ 
952 |0 0  |1 0  |4 0  |7 0  |8 0  |a SNK  |b SNK  |d 2007-02-06  |f 1  |i snk2007/3430  |l 0  |o snkČSB 4493/30/2006/15  |p 17A0534128  |r 2026-02-21 20:19:54  |w 2026-02-21  |y PREZ 
952 |0 0  |1 0  |4 0  |7 0  |8 0  |a SNK  |b SNK  |d 2007-02-06  |i snk2007/3431  |l 0  |o snkČSB 4493/30/2006/15 D1  |p 17A0534129  |r 2026-02-21 20:19:54  |w 2026-02-21  |y PREZ 
952 |0 0  |1 0  |4 0  |7 0  |8 0  |a SNK  |b SNK  |d 2007-02-06  |f 1  |i snk2007/3432  |l 0  |o snkČSB 4493/31/2006/16  |p 17A0534130  |r 2026-02-21 20:19:54  |w 2026-02-21  |y PREZ 
952 |0 0  |1 0  |4 0  |7 0  |8 0  |a SNK  |b SNK  |d 2007-02-06  |i snk2007/3433  |l 0  |o snkČSB 4493/31/2006/16 D1  |p 17A0534131  |r 2026-02-21 20:19:54  |w 2026-02-21  |y PREZ 
952 |0 0  |1 0  |4 0  |7 0  |8 0  |a SNK  |b SNK  |d 2008-01-23  |f 1  |i snk2008/1761  |l 0  |o snkČSB 4493/32/2007/17  |p 17A0574314  |r 2026-02-21 20:28:21  |w 2026-02-21  |y PREZ 
952 |0 0  |1 0  |4 0  |7 0  |8 0  |a SNK  |b SNK  |d 2008-01-23  |i snk2008/1763  |l 0  |o snkČSB 4493/32/2007/17 D1  |p 17A0574315  |r 2026-02-21 20:28:21  |w 2026-02-21  |y PREZ 
952 |0 0  |1 0  |4 0  |7 0  |8 0  |a SNK  |b SNK  |d 2012-09-27  |f 1  |i snk2012/19080  |l 0  |o snkČSB 4493/37/2011/22  |p 17A0866375  |r 2026-02-21 20:40:58  |w 2026-02-21  |y PREZ 
952 |0 0  |1 0  |4 0  |7 0  |8 0  |a SNK  |b SNK  |d 2012-09-27  |i snk2012/19081  |l 0  |o snkČSB 4493/37/2011/22 D1  |p 17A0866376  |r 2026-02-21 20:40:58  |w 2026-02-21  |y PREZ  |z s. 78-79, 82-83 sú xerox 
952 |0 0  |1 0  |4 0  |7 0  |8 0  |a SNK  |b SNK  |d 2012-09-27  |f 1  |i snk2012/19082  |l 0  |o snkČSB 4493/38/2012/23  |p 17A0866377  |r 2026-02-21 20:40:58  |w 2026-02-21  |y PREZ 
952 |0 0  |1 0  |4 0  |7 0  |8 0  |a SNK  |b SNK  |d 2012-09-27  |i snk2012/19083  |l 0  |o snkČSB 4493/38/2012/23 D1  |p 17A0866378  |r 2026-02-21 20:40:58  |w 2026-02-21  |y PREZ 
952 |0 0  |1 0  |4 0  |7 0  |a SNK  |b SNK  |d 2014-03-10  |f 1  |i snkKSP 1379/96  |l 0  |o snkČSB 4493/17/1994/2  |p 17A0856477  |r 2026-02-21 20:41:41  |w 2026-02-21  |y PREZ 
952 |0 0  |1 0  |4 0  |7 0  |a SNK  |b SNK  |d 1998-01-21  |i snk90/980121  |l 0  |o snkC 49  |r 2005-01-02 00:00:00  |w 2026-02-21  |y NEVYP 
952 |0 0  |1 0  |4 0  |7 0  |a SNK  |b SNK  |d 1998-01-21  |f 1  |i snkKSP 556/98  |l 0  |o snkČSB 4493/19/1996  |p 17A0116833  |r 2005-01-02 00:00:00  |w 2026-02-21  |y PREZ 
952 |0 0  |1 0  |4 0  |7 0  |a SNK  |b SNK  |d 1998-01-21  |i snkKSP 557/98  |l 0  |o snkČSB 4493/19/1996 D1  |p 17A0116834  |r 2005-01-02 00:00:00  |w 2026-02-21  |y PREZ 
952 |0 0  |1 0  |4 0  |7 0  |a SNK  |b SNK  |d 2001-01-18  |i snk92/20010122  |l 0  |o snkC 55  |r 2005-01-02 00:00:00  |w 2026-02-21  |y NEVYP 
952 |0 0  |1 0  |4 0  |7 0  |a SNK  |b SNK  |d 2001-01-18  |f 1  |i snkKSP 844/2001  |l 0  |o snkČSB 4493/22/1999/7  |p 17A0266066  |r 2005-01-02 00:00:00  |w 2026-02-21  |y PREZ 
952 |0 0  |1 0  |4 0  |7 0  |a SNK  |b SNK  |d 2001-01-18  |i snkKSP 845/2001  |l 0  |o snkČSB 4493/22/1999/7 D1  |p 17A0266067  |r 2005-01-02 00:00:00  |w 2026-02-21  |y PREZ 
952 |0 0  |1 0  |4 0  |7 0  |a SNK  |b SNK  |d 2001-01-18  |i snk90/20010122  |l 0  |o snkC 53  |r 2005-01-02 00:00:00  |w 2026-02-21  |y NEVYP 
952 |0 0  |1 0  |4 0  |7 0  |a SNK  |b SNK  |d 2001-01-18  |f 1  |i snkKSP 846/2001  |l 0  |o snkČSB 4493/21/1998/6  |p 17A0266075  |r 2005-01-02 00:00:00  |w 2026-02-21  |y PREZ 
952 |0 0  |1 0  |4 0  |7 0  |a SNK  |b SNK  |d 2001-01-18  |i snkKSP 847/2001  |l 0  |o snkČSB 4493/21/1998/6 D1  |p 17A0266076  |r 2005-01-02 00:00:00  |w 2026-02-21  |y PREZ 
952 |0 0  |1 0  |4 0  |7 0  |8 0  |a SNK  |b SNK  |d 2015-01-20  |f 1  |i snk2015/1606  |l 0  |o snkČSB 4493/40/2014/25  |p 17A0871153  |r 2026-02-21 20:51:59  |w 2026-02-21  |y PREZ 
952 |0 0  |1 0  |4 0  |7 1  |8 0  |a SNK  |b SNK  |d 2015-01-20  |i snk2015/1607  |l 0  |o snkČSB 4493/40/2014/25 D1  |p 17A0871154  |r 2026-02-21 20:51:59  |w 2026-02-21  |y NEVYP 
952 |0 0  |1 0  |4 0  |7 0  |8 0  |a SNK  |b SNK  |d 2008-11-06  |f 1  |i snk2008/21548  |l 0  |o snkČSB 4493/33/2008/18  |p 17A0600435  |r 2026-02-21 21:01:38  |w 2026-02-21  |y PREZ 
952 |0 0  |1 0  |4 0  |7 0  |8 0  |a SNK  |b SNK  |d 2008-11-06  |i snk2008/21549  |l 0  |o snkČSB 4493/33/2008/18 D1  |p 17A0600436  |r 2026-02-21 21:01:38  |w 2026-02-21  |y PREZ 
952 |0 0  |1 0  |4 0  |7 0  |a SNK  |b SNK  |d 2002-04-16  |f 1  |i snkKSP 4349/2002  |l 0  |o snkČSB 4493/23/2000/8  |p 17A0340139  |r 2005-01-02 00:00:00  |w 2026-02-21  |y PREZ 
952 |0 0  |1 0  |4 0  |7 0  |a SNK  |b SNK  |d 2002-04-16  |i snkKSP 4350/2002  |l 0  |o snkČSB 4493/23/2000/8 D1  |p 17A0340140  |r 2005-01-02 00:00:00  |w 2026-02-21  |y PREZ 
952 |0 0  |1 0  |4 0  |7 0  |8 0  |a SNK  |b SNK  |d 2006-01-20  |f 1  |i snk2006/1324  |l 0  |o snkČSB 4493/28/2005/13  |p 17A0488484  |r 2026-02-21 21:08:48  |w 2026-02-21  |y PREZ 
952 |0 0  |1 0  |4 0  |7 0  |8 0  |a SNK  |b SNK  |d 2006-01-20  |i snk2006/1326  |l 0  |o snkČSB 4493/28/2005/13 D1  |p 17A0488485  |r 2026-02-21 21:08:48  |w 2026-02-21  |y PREZ 
952 |0 0  |1 0  |4 0  |7 0  |8 0  |a SNK  |b SNK  |d 2006-01-20  |f 1  |i snk2006/1327  |l 0  |o snkČSB 4493/29/2005/14  |p 17A0488487  |r 2026-02-21 21:08:48  |w 2026-02-21  |y PREZ 
952 |0 0  |1 0  |4 0  |7 0  |8 0  |a SNK  |b SNK  |d 2025-10-20  |i snk2025/16762  |l 0  |o snkČSB 4493/51/2025/36  |p 17A1556431  |r 2026-02-21 21:11:22  |w 2026-02-21  |y PREZ  |z Jubilejný zborník k 75-tému výročiu založenia Pravoslávnej bohosloveckej fakulty 1950-2025 
952 |0 0  |1 0  |4 0  |7 0  |8 0  |a SNK  |b SNK  |d 2005-04-06  |f 1  |i snk2005/5397  |l 0  |o snkČSB 4493/27/2004/12  |p 17A0446384  |r 2026-02-21 21:21:06  |w 2026-02-21  |y PREZ 
952 |0 0  |1 0  |4 0  |7 0  |a SNK  |b SNK  |d 1999-03-10  |f 1  |i snkKSP 2415/99  |l 0  |o snkČSB 4493/20/1997/5  |p 17A0183687  |r 2005-01-02 00:00:00  |w 2026-02-21  |y PREZ 
952 |0 0  |1 0  |4 0  |7 0  |a SNK  |b SNK  |d 1999-03-10  |i snkKSP 2416/99  |l 0  |o snkČSB 4493/20/1997/5 D1  |p 17A0183688  |r 2005-01-02 00:00:00  |w 2026-02-21  |y PREZ 
952 |0 0  |1 0  |4 0  |7 0  |a SNK  |b SNK  |d 2003-02-10  |f 1  |i snkKSP 1878/2003  |l 0  |o snkČSB 4493/24/2001/9  |p 17A0374551  |r 2005-01-02 00:00:00  |w 2026-02-21  |y PREZ 
952 |0 0  |1 0  |4 0  |7 0  |8 0  |a SNK  |b SNK  |d 2021-11-09  |f 1  |i snk2021/17705  |l 0  |o snkČSB 4493/47/2021/32  |p 17A1468585  |r 2026-02-21 21:40:01  |w 2026-02-21  |y PREZ 
952 |0 0  |1 0  |4 0  |7 0  |8 0  |a SNK  |b SNK  |d 2021-11-09  |i snk2021/17706  |l 0  |o snkČSB 4493/47/2021/32 D1  |p 17A1468586  |r 2026-02-21 21:40:01  |w 2026-02-21  |y PREZ 
952 |0 0  |1 0  |4 0  |7 0  |8 0  |a SNK  |b SNK  |d 2015-12-18  |f 1  |i snk2015/33895  |l 0  |o snkČSB 4493/41/2015/26  |p 17A1085177  |r 2026-02-21 21:46:56  |w 2026-02-21  |y PREZ 
952 |0 0  |1 0  |4 0  |7 0  |8 0  |a SNK  |b SNK  |d 2015-12-18  |i snk2015/33896  |l 0  |o snkČSB 4493/41/2015/26 D1  |p 17A1085176  |r 2026-02-21 21:46:56  |w 2026-02-21  |y PREZ 
952 |0 0  |1 0  |4 0  |7 0  |8 0  |a SNK  |b SNK  |d 2016-12-29  |f 1  |i snk2016/29157  |l 0  |o snkČSB 4493/42/2016/27  |p 17A1204342  |r 2026-02-21 21:47:44  |w 2026-02-21  |y PREZ 
952 |0 0  |1 0  |4 0  |7 0  |8 0  |a SNK  |b SNK  |d 2016-12-29  |i snk2016/29158  |l 0  |o snkČSB 4493/42/2016/27 D1  |p 17A1204343  |r 2026-02-21 21:47:44  |w 2026-02-21  |y PREZ 
952 |0 0  |1 0  |4 0  |7 0  |8 0  |a SNK  |b SNK  |d 2017-09-28  |f 1  |i snk2017/21029  |l 0  |o snkČSB 4493/43/2017/28  |p 17A1264284  |r 2026-02-21 21:56:19  |w 2026-02-21  |y PREZ 
952 |0 0  |1 0  |4 0  |7 0  |8 0  |a SNK  |b SNK  |d 2017-09-28  |i snk2017/21030  |l 0  |o snkČSB 4493/43/2017/28 D1  |p 17A1264285  |r 2026-02-21 21:56:19  |w 2026-02-21  |y PREZ 
952 |0 0  |1 0  |4 0  |7 0  |8 0  |a SNK  |b SNK  |d 2018-10-26  |f 1  |i snk2018/22293  |l 0  |o snkČSB 4493/44/2018/29  |p 17A1339644  |r 2026-02-21 21:57:58  |w 2026-02-21  |y PREZ 
952 |0 0  |1 0  |4 0  |7 0  |8 0  |a SNK  |b SNK  |d 2018-10-26  |i snk2018/22294  |l 0  |o snkČSB 4493/44/2018/29 D1  |p 17A1339645  |r 2026-02-21 21:57:58  |w 2026-02-21  |y PREZ 
952 |0 0  |1 0  |4 0  |7 0  |a SNK  |b SNK  |d 2017-11-09  |i snkKSP 1380/96  |l 0  |o snkČSB 4493/17/1994/2 D1  |p 17A1188999  |r 2026-02-21 22:11:59  |w 2026-02-21  |y PREZ 
952 |0 0  |1 0  |4 0  |7 0  |8 0  |a SNK  |b SNK  |d 2019-12-03  |f 1  |i snk2019/31113  |l 0  |o snkČSB 4493/45/2019/30  |p 17A1382644  |r 2026-02-21 22:15:23  |w 2026-02-21  |y PREZ 
952 |0 0  |1 0  |4 0  |7 0  |8 0  |a SNK  |b SNK  |d 2019-12-03  |i snk2019/31116  |l 0  |o snkČSB 4493/45/2019/30 D1  |p 17A1382646  |r 2026-02-21 22:15:29  |w 2026-02-21  |y PREZ